000 01134nam a2200265Ia 4500
003 OSt
005 20220930094836.0
006 a|||||r|||| 00| 0
007 ta
008 220926b |||||||| |||| 00| 0 hin d
024 _a21633
037 _cTheses
040 _aCRL
_cCRL
_bhin
041 _2hin
_ahin
100 _aदेशराज
110 _aदिल्ली विश्वविद्यालय. कला संकाय. संस्कृत विभाग
_9556420
245 0 _aचमत्कारचन्द्रिका का साहित्यशास्त्रीय अवदान
246 _aChamatkārachandrikā kā sāhityashāstrīya avadāna
260 _c2013
650 _aसंस्कृत साहित्य
700 _a पेा्र. शारदा शर्मा, गा.
700 _aदिल्ली विश्वविद्यालय. कला संकाय. संस्कृत विभाग
_9556421
942 _cDIS
_2CC
999 _c887760
_d887760